000 00691nam a2200265Ia 4500
005 20260121172944.0
008 008 260114s9999 xx 000 0 eng d
020 _a9789811660542
037 _aEBOOK
040 _aCRL
040 _beng
040 _cCRL
041 _2eng
041 _aeng
084 _qCRL
100 _aLingfei Wu, Peng Cui, Jian Pei, Liang Zhao
_91094833
245 0 _aGraph Neural Networks: Foundations, Frontiers, and Applications
260 _bSpringer
260 _bSpringer
260 _c2022
856 _uhttps://link.springer.com/openurl?genre=book&isbn=978-981-16-6054-2
942 _cEBOOK
999 _c1660575
_d1660575